MARC details
| 000 -LEADER |
| fixed length control field |
00791cam a22002414a 4500 |
| 001 - CONTROL NUMBER |
| control field |
742285 |
| 005 - DATE AND TIME OF LATEST TRANSACTION |
| control field |
20240208055828.0 |
| 008 - FIXED-LENGTH DATA ELEMENTS--GENERAL INFORMATION |
| fixed length control field |
990616s1999 ii b b 001 0 eng |
| 020 ## - INTERNATIONAL STANDARD BOOK NUMBER |
| ISBN |
0761993428 (hb) |
| 020 ## - INTERNATIONAL STANDARD BOOK NUMBER |
| ISBN |
0761993436 (pbk.) |
| 040 ## - CATALOGING SOURCE (பட்டியலாக்க மூலம்) |
| Original cataloging agency |
DLC |
| Transcribing agency |
DLC |
| Modifying agency |
DLC |
| 082 00 - DDC Classification |
| Class No. |
306.83 |
| DDC Edition Number |
21 |
| Item Number - Author Mark |
SAR. |
| 100 1# - MAIN ENTRY--PERSONAL NAME |
| Personal name |
Saradamoni, K. |
| 245 10 - TITLE STATEMENT |
| Title |
Matriliny transformed : |
| Remainder of title |
family, law, and ideology in twentieth century Travancore / |
| Statement of responsibility, etc. |
K. Saradamoni. |
| 260 ## - PUBLICATION, DISTRIBUTION, ETC. |
| Place of publication, distribution, etc. |
New Delhi : |
| Name of publisher, distributor, etc. |
Sage ; |
| Place of publication, distribution, etc. |
Walnut Creek, CA : |
| Name of publisher, distributor, etc. |
AltaMira Press, |
| Date of publication, distribution, etc. |
1999. |
| 300 ## - PHYSICAL DESCRIPTION |
| Extent (e.g. Volumes, Pages etc.) |
176 p. : |
| 650 #0 - SUBJECT ADDED ENTRY--TOPICAL TERM |
| Topical term or geographic name entry element |
Matrilineal kinship |
| 650 #0 - SUBJECT ADDED ENTRY--TOPICAL TERM |
| Topical term or geographic name entry element |
Women |
| 650 #0 - SUBJECT ADDED ENTRY--TOPICAL TERM |
| Topical term or geographic name entry element |
Families |
| 856 42 - ELECTRONIC LOCATION AND ACCESS |
| Uniform Resource Identifier |
<a href="http://www.loc.gov/catdir/enhancements/fy0657/99036548-d.html">http://www.loc.gov/catdir/enhancements/fy0657/99036548-d.html</a> |
| 856 41 - ELECTRONIC LOCATION AND ACCESS |
| Uniform Resource Identifier |
<a href="http://www.loc.gov/catdir/enhancements/fy0657/99036548-t.html">http://www.loc.gov/catdir/enhancements/fy0657/99036548-t.html</a> |
| 942 ## - Koha item type (Biblio) |
| Koha item type |
Books in Stacks (Lending) |